Chaotics : (Record no. 13810)
[ view plain ]
| 000 -LEADER | |
|---|---|
| fixed length control field | 02073cam a2200373 a 4500 |
| 001 - CONTROL NUMBER | |
| control field | 15617608 |
| 005 - DATE AND TIME OF LATEST TRANSACTION | |
| control field | 20100203160446.0 |
| 008 - FIXED-LENGTH DATA ELEMENTS--GENERAL INFORMATION | |
| fixed length control field | 090209s2009 nyua |rb 001 0 eng |
| 010 ## - LIBRARY OF CONGRESS CONTROL NUMBER | |
| LC control number | 2009003055 |
| 020 ## - INTERNATIONAL STANDARD BOOK NUMBER | |
| International Standard Book Number | 9780814415214 |
| 020 ## - INTERNATIONAL STANDARD BOOK NUMBER | |
| International Standard Book Number | 0814415210 |
| 035 ## - SYSTEM CONTROL NUMBER | |
| System control number | (OCoLC)ocn276334364 |
| 040 ## - CATALOGING SOURCE | |
| Original cataloging agency | DLC |
| Transcribing agency | DLC |
| Modifying agency | BTCTA |
| -- | YDXCP |
| -- | C#P |
| -- | BWX |
| -- | OCLCQ |
| -- | CDX |
| -- | DLC |
| 050 00 - LIBRARY OF CONGRESS CALL NUMBER | |
| Classification number | HF5415 |
| Item number | .K6244 2009 |
| 082 00 - DEWEY DECIMAL CLASSIFICATION NUMBER | |
| Classification number | 658 |
| Edition number | 22 |
| Item number | KOT |
| 100 1# - MAIN ENTRY--PERSONAL NAME | |
| Personal name | Kotler, Philip. |
| 9 (RLIN) | 13237 |
| 245 10 - TITLE STATEMENT | |
| Title | Chaotics : |
| Remainder of title | The Business of Managing and Marketing in the Age of Turbulence / |
| Statement of responsibility, etc | Philip Kotler and John A. Caslione. |
| 260 ## - PUBLICATION, DISTRIBUTION, ETC. (IMPRINT) | |
| Place of publication, distribution, etc | New York : |
| Name of publisher, distributor, etc | American Management Association, 2009 |
| Date of publication, distribution, etc | c2009. |
| 300 ## - PHYSICAL DESCRIPTION | |
| Extent | xiii, 206 p. : |
| Other physical details | ill. ; |
| Dimensions | 24 cm. |
| 504 ## - BIBLIOGRAPHY, ETC. NOTE | |
| Bibliography, etc | Includes bibliographical references (p. [191]-200) and index. |
| 505 0# - FORMATTED CONTENTS NOTE | |
| Formatted contents note | The world has entered a new economic stage : from normality to turbulence -- Management's wrong responses to turbulence now become dangerous -- The chaotics model : managing vulnerability and opportunity -- Designing management systems for resilience -- Designing marketing systems for resilience -- Thriving in the age of turbulence : achieving business enterprise sustainability. |
| 650 #0 - SUBJECT ADDED ENTRY--TOPICAL TERM | |
| Topical term or geographic name as entry element | Marketing. |
| 9 (RLIN) | 13238 |
| 650 #0 - SUBJECT ADDED ENTRY--TOPICAL TERM | |
| Topical term or geographic name as entry element | Management. |
| 9 (RLIN) | 13239 |
| 650 #0 - SUBJECT ADDED ENTRY--TOPICAL TERM | |
| Topical term or geographic name as entry element | Business cycles. |
| 9 (RLIN) | 13240 |
| 650 #0 - SUBJECT ADDED ENTRY--TOPICAL TERM | |
| Topical term or geographic name as entry element | Globalization. |
| 9 (RLIN) | 13241 |
| 700 1# - ADDED ENTRY--PERSONAL NAME | |
| Personal name | Caslione, John A. |
| 9 (RLIN) | 13242 |
| 856 41 - ELECTRONIC LOCATION AND ACCESS | |
| Materials specified | Table of contents only |
| Uniform Resource Identifier | <a href="http://www.loc.gov/catdir/toc/fy0906/2009003055.html">http://www.loc.gov/catdir/toc/fy0906/2009003055.html</a> |
| 942 ## - ADDED ENTRY ELEMENTS (KOHA) | |
| Source of classification or shelving scheme | Dewey Decimal Classification |
| Item type | NB - Book (Non borrowing) |
| Withdrawn status | Item status | Source of classification or shelving scheme | Damaged status | Not for loan | Vendor | Home library | Current library | Shelving location | Date acquired | Source of acquisition | Total Checkouts | Full call number | Barcode | Date last seen | Koha item type | Total Renewals | Date last borrowed |
|---|---|---|---|---|---|---|---|---|---|---|---|---|---|---|---|---|---|
| Dewey Decimal Classification | Baccah | Central Library | Central Library | First floor | 28/03/2010 | 658 KOT | 000020510 | 15/07/2025 | NB - Book (Non borrowing) | ||||||||
| Dewey Decimal Classification | Baccah | Central Library | Central Library | First floor | 28/03/2010 | 1 | 658 KOT | 000020513 | 15/07/2025 | Book - Borrowing | 1 | 15/04/2013 | |||||
| Dewey Decimal Classification | Baccah | Central Library | Central Library | First floor | 28/03/2010 | 658 KOT | 000020512 | 15/07/2025 | Book - Borrowing | ||||||||
| Dewey Decimal Classification | Baccah | Central Library | Central Library | First floor | 28/03/2010 | 2 | 658 KOT | 000020514 | 15/07/2025 | Book - Borrowing | 3 | 20/04/2015 |